| 000 | 00532nam a2200217Ia 4500 | ||
|---|---|---|---|
| 003 | LK-CoDNM | ||
| 008 | 010623t1929 xxu||||| |||| 00| 1 sin d | ||
| 040 |
_aLK-CoDNM _dLK-CoDNM _eLK-CoDNM |
||
| 041 | _asin | ||
| 080 | _a104 I.12 | ||
| 100 |
_aDangedara,D.G. _eed. |
||
| 245 | _aබාලාංශ ගීත | ||
| 246 | _aBaalaansha giita | ||
| 260 |
_bThe commercial printing works _aColombo _c1929 |
||
| 300 | _b60p., 20 cm | ||
| 650 | _aMelody | ||
| 650 | _aNotation | ||
| 650 | _aSong | ||
| 650 | _aTaala | ||
| 942 | _cBK | ||
| 999 |
_c94909 _d94909 |
||